<?xml version="1.0" encoding="UTF-8"?>
<record
    xmlns:xsi="http://www.w3.org/2001/XMLSchema-instance"
    xsi:schemaLocation="http://www.loc.gov/MARC21/slim http://www.loc.gov/standards/marcxml/schema/MARC21slim.xsd"
    xmlns="http://www.loc.gov/MARC21/slim">

  <leader>04330nam a22004337a 4500</leader>
  <controlfield tag="003">CHAP</controlfield>
  <controlfield tag="005">20241126112318.0</controlfield>
  <controlfield tag="008">110117s2010    mx      r     00010 spa d</controlfield>
  <datafield tag="035" ind1=" " ind2=" ">
    <subfield code="a">111921</subfield>
  </datafield>
  <datafield tag="040" ind1=" " ind2=" ">
    <subfield code="c">CHAP</subfield>
  </datafield>
  <datafield tag="090" ind1=" " ind2=" ">
    <subfield code="a">Tesis</subfield>
  </datafield>
  <datafield tag="100" ind1="1" ind2=" ">
    <subfield code="a">Fuentes Castillo, Nelson</subfield>
    <subfield code="9">43838</subfield>
  </datafield>
  <datafield tag="245" ind1="1" ind2="0">
    <subfield code="a">Valoraci&#xF3;n econ&#xF3;mica de los recursos naturales del derecho de via del subtramo 52-700 al 63-000 de  la carretera Acapulco - Pinotepa Nacional</subfield>
    <subfield code="c">/por Nelson Fuentes Castillo; director de tesis Mar&#xED;a Magdalena S&#xE1;nchez Astello.</subfield>
  </datafield>
  <datafield tag="264" ind1=" " ind2="1">
    <subfield code="a">Chapingo, M&#xE9;x. :</subfield>
    <subfield code="b">El autor,</subfield>
    <subfield code="c">2010.</subfield>
  </datafield>
  <datafield tag="300" ind1=" " ind2=" ">
    <subfield code="a">1 recurso en l&#xED;nea (90 p&#xE1;ginas):</subfield>
    <subfield code="b">cuadros, figuras.</subfield>
  </datafield>
  <datafield tag="336" ind1=" " ind2=" ">
    <subfield code="2">rdacontent</subfield>
    <subfield code="a">texto</subfield>
    <subfield code="b">txt</subfield>
  </datafield>
  <datafield tag="337" ind1=" " ind2=" ">
    <subfield code="2">rdamedia</subfield>
    <subfield code="a">computadora</subfield>
    <subfield code="b">c</subfield>
  </datafield>
  <datafield tag="338" ind1=" " ind2=" ">
    <subfield code="2">rdacarrier</subfield>
    <subfield code="a">recursos en l&#xED;nea</subfield>
    <subfield code="b">cr</subfield>
  </datafield>
  <datafield tag="502" ind1=" " ind2=" ">
    <subfield code="b">II</subfield>
    <subfield code="c">Irrigaci&#xF3;n</subfield>
    <subfield code="d">2010.</subfield>
    <subfield code="g">LIC</subfield>
  </datafield>
  <datafield tag="520" ind1=" " ind2=" ">
    <subfield code="a">Este trabajo presenta una metodolog&#xED;a para realizar la valoraci&#xF3;n econ&#xF3;mica de los recursos naturales afectados por la construcci&#xF3;n de una carretera y se aplica al subtramo km 52-700 al km 63-000, de la carretera Acapulco-Pinotepa Nacional, en el estado de Guerrero; este tramo tiene una longitud de 10.30 km y un ancho de derecho de v&#xED;a de 60 m. La metodolog&#xED;a comprende: i) El an&#xE1;lisis del proyecto ejecutivo entregado por la SCT; ii) Informe a los titulares de los posibles terrenos afectados por el trazo de la carretera; iii) Replanteo del trazo en campo y delimitaci&#xF3;n de la franja del derecho de v&#xED;a; iv) Investigaci&#xF3;n y deslinde de predios por medio de procedimientos topogr&#xE1;ficos para conocer la superficie afectada; v) Levantamiento de bienes distintos a la tierra. Con esta informaci&#xF3;n se realiz&#xF3; la valoraci&#xF3;n econ&#xF3;mica de los bienes distintos a la tierra y de la tierra utilizando el m&#xE9;todo de valoraci&#xF3;n contingente. Para la asignaci&#xF3;n de los precios se utilizaron los tabuladores del Instituto de Aval&#xFA;os y Administraci&#xF3;n de Bienes Nacionales (INDAABIN) , organismo perteneciente a la Secretar&#xED;a de la Funci&#xF3;n p&#xFA;blica, estos tabuladores establecen el rango en el que deber&#xE1;n desenvolverse las negociaciones para definir el monto de indemnizaci&#xF3;n de los bienes. Est&#xE1; carretera afectara 51.76 ha de superficie agr&#xED;cola de temporal, valorada con un precio m&#xED;nimo y m&#xE1;ximo de referencia de 5 $/m2 y $10 $/m2 por el INDAABIN, mientras el valorado por los due&#xF1;os de los predios afectados es de 13.43 $/m2; en vegetaci&#xF3;n se tienen que derribar: 6,538 &#xE1;rboles de 26 especies maderables y no maderables con un importe de $539,178.47; 847 &#xE1;rboles frutales de 12 especies con un valor de $206,123.29; en agostadero natural se tocaron 17.38 ha y se valor&#xF3; en un monto de $380,564.59; y en infraestructura se afectaron 5,408.51 m de cercas de diferentes tipos, equivalentes a $495,681.82. Dentro de las conclusiones de este trabajo, se destaca que, para la determinaci&#xF3;n del valor comercial, es necesario considerar el cambio de uso de suelo del derecho de v&#xED;a, tomando en cuenta el m&#xE1;ximo y mejor uso, pues se trata de una venta forzada y el valor comercial no necesariamente responde a una condici&#xF3;n de precios de mercado en la zona. Adem&#xE1;s, la adquisici&#xF3;n de los derechos inmobiliarios necesarios para la construcci&#xF3;n y operaci&#xF3;n del proyecto constituye quiz&#xE1; el elemento singular de mayor riesgo en la ejecuci&#xF3;n del mismo, si no se dispone de estos, durante el proceso de construcci&#xF3;n se incrementa el riesgo de paros y retrasos, y llegar en casos graves a la suspensi&#xF3;n de la obra. </subfield>
  </datafield>
  <datafield tag="590" ind1=" " ind2=" ">
    <subfield code="a">ALEPH</subfield>
    <subfield code="b">10</subfield>
    <subfield code="c">20130110</subfield>
  </datafield>
  <datafield tag="590" ind1=" " ind2=" ">
    <subfield code="a">BATCH-UPD</subfield>
    <subfield code="b">10</subfield>
    <subfield code="c">20130110</subfield>
  </datafield>
  <datafield tag="590" ind1=" " ind2=" ">
    <subfield code="a">BATCH-UPD</subfield>
    <subfield code="b">10</subfield>
    <subfield code="c">20130410</subfield>
  </datafield>
  <datafield tag="590" ind1=" " ind2=" ">
    <subfield code="a">BATCH-UPD</subfield>
    <subfield code="b">10</subfield>
    <subfield code="c">20130914</subfield>
  </datafield>
  <datafield tag="590" ind1=" " ind2=" ">
    <subfield code="a">BATCH-UPD</subfield>
    <subfield code="b">10</subfield>
    <subfield code="c">20140324</subfield>
  </datafield>
  <datafield tag="590" ind1=" " ind2=" ">
    <subfield code="a">BATCH-UPD</subfield>
    <subfield code="b">10</subfield>
    <subfield code="c">20141002</subfield>
  </datafield>
  <datafield tag="590" ind1=" " ind2=" ">
    <subfield code="a">CONVERSION</subfield>
    <subfield code="b">10</subfield>
    <subfield code="c">20130109</subfield>
  </datafield>
  <datafield tag="650" ind1="1" ind2="4">
    <subfield code="a">Caminos</subfield>
    <subfield code="x">Planeaci&#xF3;n.</subfield>
    <subfield code="9">17866</subfield>
  </datafield>
  <datafield tag="650" ind1="1" ind2="4">
    <subfield code="a">Proyectos</subfield>
    <subfield code="x">Financiamiento.</subfield>
    <subfield code="9">92526</subfield>
  </datafield>
  <datafield tag="650" ind1="1" ind2="4">
    <subfield code="a">Recursos naturales</subfield>
    <subfield code="z">Guerrero.</subfield>
    <subfield code="9">95327</subfield>
  </datafield>
  <datafield tag="700" ind1="1" ind2=" ">
    <subfield code="a">S&#xE1;nchez Astello, Mar&#xED;a Magdalena</subfield>
    <subfield code="9">107340</subfield>
    <subfield code="e">Director de tesis.</subfield>
  </datafield>
  <datafield tag="856" ind1=" " ind2=" ">
    <subfield code="u">http://10.13.5.2/tesis/111921.pdf</subfield>
    <subfield code="z">DESCARGAR PDF</subfield>
  </datafield>
  <datafield tag="901" ind1=" " ind2=" ">
    <subfield code="a">BK</subfield>
  </datafield>
  <datafield tag="942" ind1=" " ind2=" ">
    <subfield code="c">TD</subfield>
    <subfield code="2">Clasificaci&#xF3;n Universidad Aut&#xF3;noma Chapingo</subfield>
  </datafield>
  <datafield tag="949" ind1=" " ind2=" ">
    <subfield code="a">Tesis</subfield>
    <subfield code="b">BC</subfield>
    <subfield code="c">TES</subfield>
    <subfield code="d">33724002228678</subfield>
    <subfield code="e">TS2</subfield>
    <subfield code="f">c.2</subfield>
    <subfield code="g">Donaci&#xD8;n</subfield>
    <subfield code="h">51749</subfield>
    <subfield code="i">111921</subfield>
    <subfield code="s">b</subfield>
  </datafield>
  <datafield tag="949" ind1=" " ind2=" ">
    <subfield code="a">Tesis</subfield>
    <subfield code="b">BC</subfield>
    <subfield code="c">TES</subfield>
    <subfield code="d">33724002228710</subfield>
    <subfield code="e">TS1</subfield>
    <subfield code="g">Donaci&#xD8;n</subfield>
    <subfield code="h">51748</subfield>
    <subfield code="i">111921</subfield>
    <subfield code="s">b</subfield>
  </datafield>
  <datafield tag="999" ind1=" " ind2=" ">
    <subfield code="c">100262</subfield>
    <subfield code="d">100262</subfield>
  </datafield>
  <datafield tag="952" ind1=" " ind2=" ">
    <subfield code="0">0</subfield>
    <subfield code="1">0</subfield>
    <subfield code="2">local</subfield>
    <subfield code="4">0</subfield>
    <subfield code="5">1</subfield>
    <subfield code="7">0</subfield>
    <subfield code="8">TesDigL</subfield>
    <subfield code="a">BD</subfield>
    <subfield code="b">BD</subfield>
    <subfield code="c">E_L</subfield>
    <subfield code="d">2019-12-31</subfield>
    <subfield code="l">0</subfield>
    <subfield code="o">Tesis digital</subfield>
    <subfield code="r">2019-12-31 00:00:00</subfield>
    <subfield code="w">2019-12-31</subfield>
    <subfield code="y">TD</subfield>
  </datafield>
</record>
